LIBRARY & INFORMATION CENTRE, KCAET, TAVANUR

ONLINE PUBLIC ACCESS CATALOGUE (OPAC)

Planning for democracy and other essays / (Record no. 2108)

MARC details
000 -LEADER
fixed length control field 00433cam a2200181ua 4500
041 ## - LANGUAGE CODE
Language code of text/sound track or separate title eng
082 ## - DEWEY DECIMAL CLASSIFICATION NUMBER
Classification number 338.9
Item number SHA/PL
100 ## - MAIN ENTRY--AUTHOR NAME
Personal name Shah, A.B .
245 ## - TITLE STATEMENT
Title Planning for democracy and other essays /
250 ## - EDITION STATEMENT
Edition statement 1 /
260 ## - PUBLICATION, DISTRIBUTION, ETC. (IMPRINT)
Place of publication Mumbai :
Name of publisher Manaktalas ,
Year of publication 1967.
300 ## - PHYSICAL DESCRIPTION
Number of Pages 259 ; .
942 ## - ADDED ENTRY ELEMENTS (KOHA)
Koha item type Books
Holdings
Withdrawn status Lost status Damaged status Home library Current library Date acquired Full call number Accession Number Koha item type
Withdrawn     KAUAET Sanskrit University 07/04/2012 338.9 9859 Books
free website counter